000 00805nam a22002412 4500
001 0000013603
005 20151217155220.0
008 090928s xx 000 0 eng d
020 _a1844807321 :
040 _aKABU
_cKABU
100 1 _aRob, Peter.
_@0000171069
245 1 0 _aDatabase systems :
_bdesgn, implementation & management /
_cPeter Rob, Carlos Coronel, Keeley Crockett.
250 _aInternational ed.
260 _aLondon :
_bCengage Learning,
_c2008.
300 _axviii, 808 p. +
_e1 CD-ROM.
650 0 _aDatabase design.
_@0000148441
650 0 _aDatabase management.
_@0000148184
700 1 _aCoronel, Carlos.
_@0000171070
700 1 _aCrockett, Keeley.
_@0000171071
852 1 _9p5849 KES
908 _a090928
950 _@1
999 _c12057
_d12057